Fr. Conceicao Rodrigues College of Engineering

Differential Equations with application and Programs (Record no. 30816)

MARC details
000 -LEADER
fixed length control field 00370nam a2200157Ia 4500
082 ## - DEWEY DECIMAL CLASSIFICATION NUMBER
Classification number 515.35
Item number RAO/ANU
100 ## - MAIN ENTRY--PERSONAL NAME
Personal name Rao/S. Balachandra
250 ## - EDITION STATEMENT
Edition statement 1
245 ## - TITLE STATEMENT
Title Differential Equations with application and Programs
260 ## - PUBLICATION, DISTRIBUTION, ETC.
Name of publisher, distributor, etc. Universities Press
Place of publication, distribution, etc. Hyderabad
Date of publication, distribution, etc. 1996
300 ## - PHYSICAL DESCRIPTION
Extent 408
546 ## - LANGUAGE NOTE
Language note ENGLISH
654 ## - SUBJECT ADDED ENTRY--FACETED TOPICAL TERMS
Focus term equations
942 ## - ADDED ENTRY ELEMENTS (KOHA)
Koha item type BOOK
Holdings
Withdrawn status Lost status Damaged status Not for loan Collection Home library Current library Date acquired Total Checkouts Full call number Barcode Date last seen Price effective from Koha item type
        CRC Fr. Agnel's C.Rodrigues College of Engineering Fr. Agnel's C.Rodrigues College of Engineering 17/03/2023   515.35 RAO/ANU 8700 17/03/2023 17/03/2023 BOOK
        CRC Fr. Agnel's C.Rodrigues College of Engineering Fr. Agnel's C.Rodrigues College of Engineering 17/03/2023   515.35 RAO/ANU 8701 17/03/2023 17/03/2023 BOOK
        CRC Fr. Agnel's C.Rodrigues College of Engineering Fr. Agnel's C.Rodrigues College of Engineering 17/03/2023   515.35 RAO/ANU 8702 17/03/2023 17/03/2023 BOOK
        CRC Fr. Agnel's C.Rodrigues College of Engineering Fr. Agnel's C.Rodrigues College of Engineering 17/03/2023   515.35 RAO/ANU 8703 17/03/2023 17/03/2023 BOOK
        CRC Fr. Agnel's C.Rodrigues College of Engineering Fr. Agnel's C.Rodrigues College of Engineering 17/03/2023   515.35 RAO/ANU 8704 17/03/2023 17/03/2023 BOOK